| 000 | 00371nam a2200145Ia 4500 | ||
|---|---|---|---|
| 008 | 150201s2013 xx 000 0 und d | ||
| 082 |
_a610.73 _bP13C |
||
| 100 | _aCORREIA, CECY | ||
| 245 | _aPRINCIPLES & PRACTICE OF NURSING ART OF SENIOR NURSING PROCEDUE-2 | ||
| 250 | _a1ST | ||
| 260 |
_bJAYPEE _aDELHI _c2013 |
||
| 300 | _a608 | ||
| 650 | _aNURSING | ||
| 942 |
_2ddc _cBK |
||
| 999 |
_c2435 _d2435 |
||